000 00534nam a22001937a 4500
003 KOHA_MİRAKIL
005 20250410162941.0
008 250410b tu ||||| |||| 00| 0 tur d
020 _a9789750533563
040 _aTR-AnABB
_btur
_cTR-AnABB
041 _atur
082 _a813.42
_bCEH 2022
100 1 _aCehiz, Neşe,
245 1 0 _aBurada manzara harika /
_cNeşe Cehiz
260 _aİstanbul :
_bİletişim Yayınları,
_c2022
300 _a131 sayfa ;
_c21 cm
650 0 4 _aTürk edebiyatı, roman
942 _2ddc
_cBK
999 _c8634
_d8634
900 _bGizem YORULMAZ